THE GHOST OF MALABAR (Record no. 12315)
[ view plain ]
| 000 -LEADER | |
|---|---|
| fixed length control field | 00253nam a22000977a 4500 |
| 008 - FIXED-LENGTH DATA ELEMENTS--GENERAL INFORMATION | |
| fixed length control field | 230607b |||||||| |||| 00| 0 eng d |
| 020 ## - INTERNATIONAL STANDARD BOOK NUMBER | |
| International Standard Book Number | 9789354895869 |
| 100 ## - MAIN ENTRY--PERSONAL NAME | |
| Personal name | AYER SOUMYA |
| 9 (RLIN) | 7682 |
| 245 ## - TITLE STATEMENT | |
| Title | THE GHOST OF MALABAR |
| 260 ## - PUBLICATION, DISTRIBUTION, ETC. (IMPRINT) | |
| Place of publication, distribution, etc. | INDIA |
| Name of publisher, distributor, etc. | HARPER COLLINS |
| Date of publication, distribution, etc. | 2022 |
| Withdrawn status | Lost status | Source of classification or shelving scheme | Damaged status | Koha normalized classification for sorting | Not for loan | Home library | Current library | Shelving location | Date acquired | Total Checkouts | Total Renewals | Full call number | Barcode | Date last seen | Date last checked out | Price effective from | Koha item type |
|---|---|---|---|---|---|---|---|---|---|---|---|---|---|---|---|---|---|
| Dewey Decimal Classification | AYE_823_000000000000000 | Good Samaritan School Library | Good Samaritan School Library | FICTION | 06/07/2023 | 8 | 1 | AYE823 | AYE17602 | 08/29/2025 | 08/19/2025 | 06/07/2023 | BOOK |